000 00698cam a2200205 a 4500
020 _a0321022947
040 _cDLC
082 0 0 _a510 ADD 1999 A060 Co.
100 1 _aLial, Margaret L.
245 1 0 _aMathematics with applications :
_bin the management, natural, and social sciences.
250 _a7th ed. /
260 _aReading, Mass. :
_bAddison-Wesley,
_cc1999.
300 _axv, 804, 38, 22 p. :
_bill. (some col.) ;
_c26 cm.
500 _aRev. ed. of: Mathematics with applications in the management, natural, and social sciences. 6th ed. c1996.
500 _aIncludes indexes.
650 0 _aMathematics.
700 1 _aHungerford, Thomas W.
700 1 _aLial, Margaret L.
942 _cEK
999 _c14264
_d14264